| 000 | 00333nam a22001337a 4500 | ||
|---|---|---|---|
| 020 | _a9780415201919 | ||
| 082 |
_a530 _bSMI/EN |
||
| 100 |
_aSmith, Clare _91220 |
||
| 245 | _aEnvironmental physics | ||
| 260 |
_aNew York _bRoutledge _c2012 |
||
| 490 | _aRoutledge Introductions to environment | ||
| 500 | _aIndian Edition | ||
| 942 | _cBK | ||
| 999 |
_c14697 _d14697 |
||